Logo BPK

Biblioteka

Politechniki Koszalińskiej

Doctor Zhivago / (Rekord nr 48811)

Szczegóły MARC
000 -ETYKIETA REKORDU
podpole kontrolne o stałej długości 00488nam a2200169 i 4500
001 - NUMER KONTROLNY REKORDU
pole kontrolne bgj
040 ## - ŹRÓDŁO KATALOGOWANIA
Instytucja, która utworzyła rekord BPK
041 0# - KOD JĘZYKA
Kod języka tekstu eng
Kod języka oryginału rus
008 - POLE O STAŁEJ DŁUGOŚCI - DANE KONTROLNE
podpole kontrolne o stałej długości s uk f |000 0 eng
100 1# - NAZWA OSOBOWA
Nazwa osobowa PASTERNAK, Boris
Daty związane z nazwą (1890-1960).
245 10 - TYTUŁ/ODPOWIEDZIALNOŚĆ
Tytuł Doctor Zhivago /
Pozostałe elementy strefy tytułu i oznaczenia odpowiedzialności Boris Pasternak ; translated from the Russian by Max Hayward.
260 ## - STREFA ADRESU WYDAWNICZEGO
Miejsce wydania New York :
Nazwa wydawcy/dystrybutora Pantheon,
Data publikacji, dystrybucji/powstania dokumentu 1959.
300 ## - STREFA OPISU FIZYCZNEGO
Objętość 558, [1] pp ;
Rozmiary 18 cm.
650 #9 - HASŁO PRZEDMIOTOWE W FORMIE NAZWY OGÓLNEJ LUB JEDNOSTKOWEJ
Nazwa ogólna lub geograficzna Non-English literature
650 #9 - HASŁO PRZEDMIOTOWE W FORMIE NAZWY OGÓLNEJ LUB JEDNOSTKOWEJ
Nazwa ogólna lub geograficzna Russian literature
856 ## - LOKALIZACJA I DOSTĘP DO ELEKTRONICZNYCH DOKUMENTÓW ZDALNYCH
Link (URL) http://koha.tu.koszalin.pl/cgi-bin/koha/opac-detail.pl?biblionumber=48811
Tekst linku Katalog online BPK
942 ## - DODATKOWE ELEMENTY (KOHA)
Typ dokumentu Książka
Egzemplarze
Wycofany Status egzemplarza Uszkodzony Dostępność Lokalizacja stała Lokalizacja bieżąca Miejsce przechowywania Sygnatura Kod kreskowy Typ dokumentu
      Dostępny Biblioteka Politechniki Koszalińskiej Biblioteka Politechniki Koszalińskiej Wypożyczalnia Językowa KA 6136 09050426 Książka
© 2023 Biblioteka Politechniki Koszalińskiej :: KOHA